000 00357nam a2200145Ia 4500
008 231129s1973||||xx |||||||||||||| ||spa||
020 _a84-01-43463-7
040 _bspa
082 _aI823 W519e
100 _aWest Morris
245 0 _aEl embajador
260 _c1973
264 _aEdiciones G.P.
942 _2ddc
_cBKS
999 _c10945
_d10945